000 00300nam a2200145Ia 4500
100 _aMcCarthy/Michael
650 _aCommunication Skill
942 _cBK
366 _f20
245 _aEnglish Vocabulary in use
260 _bC.U.P
_c2001
300 _a296
546 _aENGLISH
_cTTL
999 _c20783
_d20783